| 000 | 00856nam a2200265 a 4500 | ||
|---|---|---|---|
| 001 | 61152 | ||
| 003 | BD-RjUL | ||
| 005 | 20211209080928.0 | ||
| 008 | 170115c1980 iluar1 0 a0eng d | ||
| 020 | _a003040651X | ||
| 035 | _a(BD-RjUL)61276 | ||
| 040 |
_aBD-RjUL _cBD-RjUL _dBD-RjUL _beng |
||
| 041 | _aeng | ||
| 082 |
_223 _a657 _bDAI 1980 |
||
| 100 | 1 |
_aDavidson, Sidney, _d1919-2007. _9182463 |
|
| 245 | 1 | 0 |
_aIntermediate accounting : _bconcepts, methods, and uses / _cSidney Davidson, Clyde P. Stikney and Roman L. Weil |
| 260 |
_aHinsdale, Ill. : _bDryden Press. _cc1980 |
||
| 300 |
_avarious pages ; _c25 cm. |
||
| 500 | _aIncludes index | ||
| 650 | 0 |
_aAccounting. _9175106 |
|
| 650 | 0 |
_aAccounting _vProblems, exercises, etc. _9182464 |
|
| 700 | 1 |
_aStickney, Clyde P., _d1944- _9182465 |
|
| 700 | 1 |
_aWeil, Roman L. _9175107 |
|
| 942 |
_2ddc _cBK |
||
| 999 |
_c61152 _d61152 |
||